Statistics for Biblical Physical Geography

Click here to take the quiz!

General Stats

  • This quiz has been taken 43 times
  • The average score is 14 of 25

Answer Stats

GroupHintAnswer% Correct
SeaReferred to occasionally, by the name "Salt Sea"Dead Sea
95%
SeaMoses led the Israelites through it to escape EgyptRed Sea
95%
SeaJesus walked on this body of waterSea of {Galilee}
93%
RiverJoshua and the Israelites crossed this river to enter the Promised LandJordan
90%
MountainWhere Moses received the 10 commandmentsMount Sinai
90%
RiverWhere baby Moses was placed in a basketNile
88%
RiverRiver that flowed through BabylonTigris
88%
SeaReferred to as the "Great Sea" or "Western Sea"Mediterranean Sea
85%
RiverGreat Mesopotamian river, one of the rivers of EdenEuphrates
83%
IslandWhere Titus was when Paul wrote to himCrete
73%
IslandLarge island where Barnabas was fromCyprus
70%
MountainWhere Jesus ascended fromMount of {Olives}
68%
IslandPaul went to Syracuse, and ancient colony on this islandSicily
68%
MountainWhere the ark landed after the floodMount Ararat
63%
IslandPaul also went to this large Greek island in Acts 21:1Rhodes
60%
IslandWhere Paul was shipwreckedMileta (Malta)
58%
IslandWhere John received the revelationIsle of {Patmos}
40%
MountainMountain sometimes used interchangeably with JerusalemMount Zion
35%
OtherValley in Jerusalem, called a brook in some Bible versions{Kidron} Valley
20%
MountainWhere Abraham went to offer IsaacMount Moriah
20%
MountainWhere Elijah defeated the 450 prophets of Ba'alMount Carmel
18%
MountainJesus, Peter, James, John, Moses and Elijah were all here at the same timeMount of {Transfiguration}
18%
MountainWhere Paul addressed the Athenians{Mars} Hill
15%
OtherWhere Abraham, Sarah, Isaac, Rebekah, Jacob and Leah were buriedCave of {Machpelah}
10%
OtherSpring in the above that was the main source of the Pool of Siloam and Hezekiah's Tunnel{Gihon} Spring
8%

Score Distribution

Percentile by Number Answered

Percent of People with Each Score

Your Score History

You have not taken this quiz